000 01042cam a2200157 4500500
005 20251214021332.0
041 _afre
042 _adc
100 1 0 _aPregno, Gilbert
_eauthor
245 0 0 _aPáginas finales
260 _c2025.
500 _a50
520 _aEn casa de herrero cuchillo de palo… ¿Cómo van las cosas en casa de los sistémicos, en lo que a transmisión se refiere? ¿Son los sistémicos, especialistas en relaciones, ciclos de vida y cambio, una excepción a la regla? En un momento en que los pioneros de la sistémica en Europa se enfrentan al reto de transmitir su herencia y sus instituciones, el CERAS de Grenoble, fundado en 1980, ha optado por la reubicación geográfica y la apertura a nuevas personas. Un miembro de la nueva asociación, con sede en la región de Nouvelle-Aquitaine, relata este exitoso traspaso.
786 0 _nThérapie Familiale | 46 | 3 | 2025-06-20 | p. 252-254 | 0250-4952
856 4 1 _uhttps://shs.cairn.info/revue-therapie-familiale-2025-3-page-252?lang=es&redirect-ssocas=7080
999 _c1571937
_d1571937